00726 a2200169 4500003000500000005001700005010001300022040000900035082001200044100002100056245012500077260004700202300004000249505021000289600002100499650003600520Nust20230204144145.0 a45007665 cNust a947,LOV aLovell, Maurice. aThe Soviets and overselves Landsmen and seafarersbWith 14 isotype charts in colour and 32 photographs /cMaurice Lovell aLondon, Toronto [etc.]bG. G. Harrapc1945 a63 p.billus.c(incl. ports) 23 cm. aThe Trouble With The Russians Is (Page-9), How Big Is The Question (Page-23), Well, It’s A Long Story (Page-28), What Are The Facts (Page-39), More Facts (Page-44), Getting On With The Russian (Page-61). aLovell, Maurice. aComparison of Russia & England